000 00681nam a22001937a 4500
005 20150810111103.0
010 _aENG-113589
020 _a9780415634052
_c795.00
035 _aEN-97121
037 _bDBAD/PUB
082 _a304.80954
245 _aIndia migration report 2012 :
_cedited by S. Irudaya Rajan
_bglobal financial crisis, migration and remittances /
260 _aNew Delhi
_bRoutledge
_c2012
270 _a912 Tolstoy House, 15-17 Tolstoy Marg, Connaught Place
_bNew Delhi
_e110001
300 _axxv,361p.
_c23cm(Hb)
500 _aIncludes bibliographical references and index
700 _aIrudaya Rajan, S.
942 _2ddc
_cEN
_mIND
_h304.80954
999 _c95163
_d95163